Films avec Benoît Poelvoorde par image - Statistiques

Statistiques générales
  • Ce quiz a été pris 161 fois
  • Le résultat moyen est 6 sur 16
Statistiques - réponses
Par images Réponse % Correct
Astérix aux Jeux olympiques
90%
Le Grand Bain
77%
Rien à déclarer
76%
Podium
72%
Le Boulet
58%
Les Randonneurs
55%
C'est arrivé près de chez vous
41%
Le Vélo de Ghislain Lambert
35%
Au poste !
30%
Coco avant Chanel
20%
Une famille à louer
15%
Mystère à Saint-Tropez
13%
Couleurs de l'incendie
7%
Entre ses mains
6%
La Rançon de la gloire
1%
Une place sur la Terre
1%
Aucun quiz correspondant
Distribution des résultats
% des personnes avec chaque résultat
Percentile par nombre de réponses
Votre historique - résultats
Vous n’avez pas pris ce quiz